Giralda [ (Record no. 168436)

MARC details
000 -LEADER
campo de control de longitud fija 00786ncm a2200229 i 4500
001 - NÚMERO DE CONTROL
campo de control 168436
003 - IDENTIFICADOR DE NÚMERO DE CONTROL
campo de control ES-MaACL
005 - FECHA Y HORA DE LA ÚLTIMA TRANSACCIÓN
campo de control 20230906213807.0
007 - CAMPO FIJO DE DESCRIPCIÓN FÍSICA--INFORMACIÓN GENERAL
campo de control de longitud fija qu
008 - DATOS DE LONGITUD FIJA--INFORMACIÓN GENERAL
campo de control de longitud fija 080409s1850 fr ||| |||||||| | fre d
080 ## - NÚMERO DE LA CLASIFICACIÓN DECIMAL UNIVERSAL
Número de la Clasificación Decimal Universal 782.089.6
100 1# - ENTRADA PRINCIPAL--NOMBRE DE PERSONA
Nombre de persona Adam, Adolphe.
9 (RLIN) 137578
245 10 - MENCIÓN DEL TÍTULO
Título Giralda [
Medio Música impresa] /
Resto del título : opéra comique en trois actes / paroles de Eugéne Scribe ; musique de Adolphe Adam.
254 ## - MENCIÓN DE PRESENTACIÓN MUSICAL
Mención de presentación musical Partition conforme a l'execution au théatre.
260 ## - PUBLICACIÓN, DISTRIBUCIÓN, ETC.
Lugar de publicación, distribución, etc. Paris :
Nombre del editor, distribuidor, etc. Brandus,
Fecha de publicación, distribución, etc. [1850]
300 ## - DESCRIPCIÓN FÍSICA
Extensión 1 partitura de coro (212 p.) ;
Dimensiones 19 cm.
650 14 - PUNTO DE ACCESO ADICIONAL DE MATERIA--TÉRMINO DE MATERIA
Término de materia o nombre geográfico como elemento de entrada Óperas-
Subdivisión general Partituras de coro.
9 (RLIN) 137579
700 1# - ENTRADA AGREGADA--NOMBRE PERSONAL
Nombre de persona Scribe, Eugène.
9 (RLIN) 104966
852 ## - LOCALIZACIÓN
Ubicación ES-MaACL
Número de control de estantería E-12075
Nota libre . - Biblioteca Jacinto Martínez Lacalle
942 ## - ELEMENTOS DE ENTRADA SECUNDARIOS (KOHA)
Fuente del sistema de clasificación o colocación Clasificación decimal universal
Holdings
Estatus retirado Estado de pérdida Estado de daño No para préstamo Colección Biblioteca de origen Biblioteca actual Ubicación en estantería Fecha de adquisición Fuente de adquisición Total de préstamos Signatura topográfica completa Código de barras Visto por última vez Precio de reemplazo Tipo de ítem Koha
        Música impresa Biblioteca del Ateneo de Madrid Biblioteca del Ateneo de Madrid Depósito 2 09/04/2008     E-12075 1176733 23/02/2023 23/02/2023 Partitura